Film and the Chinese Medical Humanities.

Bibliographic Details
Main Author: Lo, Vivienne.
Other Authors: Berry, Chris., Liping, Guo.
Format: eBook
Language:English
Published: Milton : Taylor & Francis Group, 2019.
Edition:1st ed.
Series:Routledge Advances in Asia-Pacific Studies
Subjects:
Online Access:Click to View
LEADER 03286nam a22004213i 4500
001 EBC7245618
003 MiAaPQ
005 20231204023229.0
006 m o d |
007 cr cnu||||||||
008 231204s2019 xx o ||||0 eng d
020 |a 9780429017407  |q (electronic bk.) 
020 |z 9781138580299 
035 |a (MiAaPQ)EBC7245618 
035 |a (Au-PeEL)EBL7245618 
035 |a (OCoLC)1202559653 
040 |a MiAaPQ  |b eng  |e rda  |e pn  |c MiAaPQ  |d MiAaPQ 
082 0 |a 791.43653 
100 1 |a Lo, Vivienne. 
245 1 0 |a Film and the Chinese Medical Humanities. 
250 |a 1st ed. 
264 1 |a Milton :  |b Taylor & Francis Group,  |c 2019. 
264 4 |c Ã2020. 
300 |a 1 online resource (267 pages) 
336 |a text  |b txt  |2 rdacontent 
337 |a computer  |b c  |2 rdamedia 
338 |a online resource  |b cr  |2 rdacarrier 
490 1 |a Routledge Advances in Asia-Pacific Studies 
505 0 |a Cover -- Half Title -- Series -- Title -- Copyright -- Contents -- List of figures -- List of contributors -- Introduction -- Part 1 Cross-cultural histories of the body and its care -- 1 Dead or alive? martial arts and the forensic gaze -- 2 How to be a good Maoist doctor: An Ode to the Silver Needle under a Shadowless Lamp (1974) -- 3 Self-care, Yangsheng, and mutual aid in Zhang Yang's Shower (1999) -- 4 Sentiments like water: unsettling pathologies of homosexual and sadomasochistic desire -- Part 2 Film and the public sphere -- 5 The fever with no name: genre-blending responses to the HIV-tainted blood scandal in 1990s China -- 6 Fortune Teller: the visible and the invisible -- 7 Longing for the Rain: journeys into the dislocated female body of urban China -- Part 3 Improving the education and training of health professionals -- 8 The gigantic black citadel: Design of Death and medical humanities pedagogy in China -- 9 Blind Massage: sense and sensuality -- 10 Cinemeducation and disability: an undergraduate special study module for medical students in China -- Part 4 Transforming self-health care in the digital age -- 11 Raising awareness about anti-microbial resistance: a nationwide video and arts competition for Chinese university students using social media -- 12 Queer Comrades: digital video documentary and LGBTQ health activism in China -- 13 Recovering from mental illness and suicidal behaviour in a culturally diverse context: the use of digital storytelling in cross-cultural medical humanities and mental health -- 14 Food-related Yangsheng short videos among the retired population in Shanghai -- Glossary of Chinese Films -- Index. 
588 |a Description based on publisher supplied metadata and other sources. 
590 |a Electronic reproduction. Ann Arbor, Michigan : ProQuest Ebook Central, 2023. Available via World Wide Web. Access may be limited to ProQuest Ebook Central affiliated libraries.  
655 4 |a Electronic books. 
700 1 |a Berry, Chris. 
700 1 |a Liping, Guo. 
776 0 8 |i Print version:  |a Lo, Vivienne  |t Film and the Chinese Medical Humanities  |d Milton : Taylor & Francis Group,c2019  |z 9781138580299 
797 2 |a ProQuest (Firm) 
830 0 |a Routledge Advances in Asia-Pacific Studies 
856 4 0 |u https://ebookcentral.proquest.com/lib/matrademy/detail.action?docID=7245618  |z Click to View